=LDR 00000nam 2200000 4500 =001 INLIS000000000007019 =005 20200312073322 =035 ##$$a 0010-061300000007019 =008 200312################g##########0#ind## =041 ##$$a Ind =082 ##$$a 270.82 =090 ##$$a 270.82, Jon n =100 ##$$a Jonge, Christiaan De =245 1#$$a Menuju keesaan gereja, sejarah dokumen-dokumen dan tema-tema gerakan oikumenis /$c Dr.Christiaan de Jonge =260 ##$$a Jakarta :$b Guung Mulia,$c 1990. =300 ##$$a xvi, 225 hlm, ; $c 21 X 14 cm. =650 #4$$a Gerakan oikumenis-Sejarah =084 ##$$a 270.82 JON m =250 ##$$a cet.1 =504 ##$$a Bibliografi : hlm.189-192 =990 ##$$a 37.321/Pb.91 =990 ##$$a 37.322/Pb.91 =990 ##$$a DW00020835 =990 ##$$a 37.321/Pb.91 =990 ##$$a DW00020834 =990 ##$$a DW00020835 =990 ##$$a DW00020834 =990 ##$$a DW00020835